Linux Device Drivers (Record no. 302379)

MARC details
000 -LEADER
fixed length control field 00430nam a2200169Ia 4500
008 - FIXED-LENGTH DATA ELEMENTS--GENERAL INFORMATION
fixed length control field 230718s9999 xx 000 0 und d
041 ## - LANGUAGE CODE
Language code of text/sound track or separate title eng
082 ## - DEWEY DECIMAL CLASSIFICATION NUMBER
Classification number 005.4'32
Item number RUB
100 ## - MAIN ENTRY--PERSONAL NAME
Personal name Rubini A.
9 (RLIN) 150906
245 ## - TITLE STATEMENT
Title Linux Device Drivers
250 ## - EDITION STATEMENT
Edition statement 2nd ed.
260 ## - PUBLICATION, DISTRIBUTION, ETC. (IMPRINT)
Date of publication, distribution, etc. 2001
Name of publisher, distributor, etc. SPD/O'reilly
300 ## - PHYSICAL DESCRIPTION
Extent 268
365 ## - TRADE PRICE
Currency code Rs.
Price amount 375.00
700 ## - ADDED ENTRY--PERSONAL NAME
Personal name Rubini A. & Corbet J.
9 (RLIN) 187308
906 ## - LOCAL DATA ELEMENT F, LDF (RLIN)
d B:48516-Oct-2001
c COMP
b 56.25
Holdings
Withdrawn status Lost status Damaged status Not for loan Home library Current library Date acquired Vendor Budget Code Cost, normal purchase price Bill number Total Checkouts Full call number Barcode Date last seen Discount Cost, replacement price Bill Date Koha item type Original Barcode
        Cummins College of Engineering for Women Pune Cummins College of Engineering for Women Pune 22/10/2001 SNJA COMP 318.75 485   005.4'32 CCEP-BK-13586 18/07/2023 56.25 375.00 16/10/2001 Books 013586